WWE Payback PPV Title Winners - Statistics

General Stats
  • This quiz has been taken 19 times
  • The average score is 9 of 11
Answer Stats
Year Title Won Wrestler % Correct
2013 Diva's AJ Lee
100%
2013 World Heavyweight Alberto Del Rio
100%
2020 Universal Roman Reigns
100%
2017 Raw Women's Alexa Bliss
93%
2023 Undisputed WWE Tag Team Damian Priest
86%
2023 Undisputed WWE Tag Team Finn Balor
86%
2020 Women's Tag Team Nia Jax
86%
2020 Women's Tag Team Shayna Baszler
79%
2020 United States Bobby Lashley
71%
2017 United States Chris Jericho
71%
2013 Intercontinental Curtis Axel
64%
No matching quizzes found
Score Distribution
Percent of People with Each Score
Percentile by Number Answered
Your Score History
You have not taken this quiz